[Играет] Святослав Рихтер, фп. (Запись № 13283253)

Подробности
000 -МАРКЕР
контрольное поле 03626njm0a2200373 4500
001 - ИДЕНТИФИКАТОР ЗАПИСИ
контрольное поле RU\NLR\ONIZ\211865
005 - ИДЕНТИФИКАТОР ВЕРСИИ
контрольное поле 20250708192603.0
035 ## - ДРУГИЕ СИСТЕМНЫЕ НОМЕРА
Идентификатор записи (NLR Aleph) 010891410
071 00 - ИЗДАТЕЛЬСКИЙ НОМЕР
Номер, присвоенный агентством Д-027305-6
100 ## - ДАННЫЕ ОБЩЕЙ ОБРАБОТКИ
Данные общей обработки 20150603d1964 |||y0rusy50 ca
102 ## - СТРАНА ПУБЛИКАЦИИ ИЛИ ПРОИЗВОДСТВА
Страна публикации Российская Федерация
126 ## - ПОЛЕ КОДИРОВАННЫХ ДАННЫХ: ЗВУКОЗАПИСИ - ФИЗИЧЕСКИЕ ХАРАКТЕРИСТИКИ
Кодированные данные звукозаписи (общие) abuxexu ux
Кодированные данные звукозаписи (уточнения) xxx
127 ## - ПОЛЕ КОДИРОВАННЫХ ДАННЫХ: ПРОДОЛЖИТЕЛЬНОСТЬ ЗВУКОЗАПИСЕЙ И НОТНЫХ ИЗДАНИЙ (МУЗЫКАЛЬНОЕ ИСПОЛНЕНИЕ)
Продолжительность 000035
135 ## - ПОЛЕ КОДИРОВАННЫХ ДАННЫХ: ЭЛЕКТРОННЫЕ РЕСУРСЫ
Кодированные данные для электронного ресурса honoannnanndn
200 1# - ЗАГЛАВИЕ И СВЕДЕНИЯ ОБ ОТВЕТСТВЕННОСТИ
Основное заглавие [Играет] Святослав Рихтер, фп.
Общее обозначение материала Звукозапись
210 ## - ПУБЛИКАЦИЯ, РАСПРОСТРАНЕНИЕ И ДР.
Место издания, распространения и т.д. М.
Имя издателя, распространителя и т. д. Мелодия
Дата издания, распространения и т.д. 1964
215 ## - ФИЗИЧЕСКАЯ ХАРАКТЕРИСТИКА
Специфическое обозначение материала и объем 1 грп. [5289-80] (35 мин): 33 об/мин, моно; 30 см, в конв.
327 1# - ПРИМЕЧАНИЯ О СОДЕРЖАНИИ
Текст примечания 1. Концерт № 20 для фортепиано с оркестром : ре мин. : К. 466 / В. А. Моцарт ; сопровожд..: Симфонический оркестр Варшавской филармонии, дирижёр С. Вислоцкий.
-- 2. Концерт № 5 для фортепиано с оркестром : Соль маж. : соч. 55 / С. Прокофьев ; сопровожд.: Симфонический оркестр Варшавской филармонии, дир. В. Ровицкий
464 #0 - АНАЛИТИЧЕСКИЙ УРОВЕНЬ
Встроенное поле 2001#$aКонцерт № 20 для фортепиано с оркестром$eре мин.$eК. 466$fВ. А. Моцарт$gсопровожд..: Симфонический оркестр Варшавской филармонии, дирижёр С. Вислоцкий
-- 6061#$aКонцерты для фортепиано с оркестром$xЗвукозапись$yАвстрия$z18 век$2shnlr
-- 686##$aЩ954.2-042(4А)$vLBC/SL$2rubbk
-- 701#1$9z01790$aМоцарт$bВ. А.$gВольфганг Амадей$f1756-1791$4230$7ca
-- 702#1$9z01790$aВислоцкий$bС.$gСтанислав$f1921-1998$4250$7ca
-- 71202$aСимфонический оркестр Варшавской филармонии$4590$7ba
-- 790#1$9z01701$aMozart$bW. A.$gWolfgang Amadeus$f1756-1791$4230$7ba
-- 790#1$9z01702$aWisłocki$bS.$gStanislaw$f1921-1998$4250$7ba
Заглавие Концерт № 20 для фортепиано с оркестром
464 #0 - АНАЛИТИЧЕСКИЙ УРОВЕНЬ
Встроенное поле 2001#$aКонцерт № 5 для фортепиано с оркестром$eСоль маж.$eсоч. 55$fС. Прокофьев$gсопровожд.: Симфонический оркестр Варшавской филармонии, дир. В. Ровицкий
-- 6061#$aКонцерты для фортепиано с оркестром$xЗвукозапись$yРоссия$z20 век$2nlr_sh
-- 686##$aЩ954.2-042(2)$vLBC/SL$2rubbk
-- 701#1$9z01790$aПрокофьев$bС. С.$gСергей Сергеевич$f1891-1953$4230$7ca
-- 702#1$9z01790$aРовицкий$bВ.$gВитольд$f1914-1989$4250$7ca
-- 71202$aСимфонический оркестр Варшавской филармонии$4590$7ba
-- 790#1$9z01701$aProkofiev$bS. S.$gSergej Sergeevich$f1891-1953$4230$7ba
-- 790#1$9z01702$aRowicki$bW.$gWitold$f1914-1989$4250$7ba
Заглавие Концерт № 5 для фортепиано с оркестром
606 1# - НАИМЕНОВАНИЕ ТЕМЫ КАК ПРЕДМЕТ
Наименование темы Исполнительское искусство пианисты
Тематический подзаголовок Звукозапись
Географический подзаголовок Россия
Хронологический подзаголовок 20 век
Код системы nlr_sh
686 ## - ИНДЕКСЫ ДРУГИХ КЛАССИФИКАЦИЙ
Индекс Щ954.2, 8(2)
Издание LBC/SL
Код системы
700 #1 - ИМЯ ЛИЦА - ПЕРВИЧНАЯ ОТВЕТСТВЕННОСТЬ
Системный номер авторитетной/нормативной записи z01790
Начальный элемент ввода Рихтер
Часть имени, кроме начального элемента ввода С.Т.
Даты 1915-1997
Расширение инициалов личного имени Святослав Теофилович
Код отношения Исполнитель
--
790 #1 - ИМЯ ЛИЦА - АЛЬТЕРНАТИВНАЯ ФОРМА
Системный номер авторитетной/нормативной записи z01700
Начальный элемент ввода Rixter
Часть имени, кроме начального элемента ввода S.
Даты 1915-1997
Расширение инициалов личного имени Svyatoslav
Код отношения Исполнитель
--
Графика поля Латинская
801 #0 - ИСТОЧНИК ЗАПИСИ
Страна Российская Федерация
Организация NLR
Дата составления 20150603
Правила каталогизации PSBO
801 #1 - ИСТОЧНИК ЗАПИСИ
Страна Российская Федерация
Организация NLR
Дата составления 20150603
Источник данных rusmarc
801 #2 - ИСТОЧНИК ЗАПИСИ
Страна Российская Федерация
Организация NLR
Дата составления 20210130
852 ## - МЕСТОНАХОЖДЕНИЕ И ШИФР ХРАНЕНИЯ
Идентификатор организации NLR
Наименование фонда или коллекции (Sub-Location Identifier) Мг
Шифр хранения (Call Number) 3/8129
Страна
Номер экземпляра 1
942 ## - ДОПОЛНИТЕЛЬНЫЕ ЭЛЕМЕНТЫ ЗАПИСИ (АБИС)
Тип экземпляра АБИС Звукозапись
980 ## - КОЛЛЕКЦИЯ
Название коллекции Национальная библиография
980 ## - КОЛЛЕКЦИЯ
Название коллекции Отдел нот и звукозаписей
Экземпляры
Тип экземпляра Дата поступления Библиотека постоянного хранения Библиотека текущего хранения Место хранения Шифр хранения Статус экземпляра
Звукозапись 03.06.2015 РНБ (Московский) РНБ (Московский) Фонд нот и звукозаписей 3/8129 3/8129